CHAMBER'S ENCYCLOPEDIA VOLUME - XIII (Record no. 583265)
[ view plain ]
| 000 -LEADER | |
|---|---|
| fixed length control field | 00257nam a22001097a 4500 |
| 082 ## - DEWEY DECIMAL CLASSIFICATION NUMBER | |
| Classification number | 030 CHA'I |
| 100 ## - MAIN ENTRY--PERSONAL NAME | |
| Personal name | INTERNATIONAL |
| 9 (RLIN) | 10199 |
| 245 ## - TITLE STATEMENT | |
| Title | CHAMBER'S ENCYCLOPEDIA VOLUME - XIII |
| 260 ## - PUBLICATION, DISTRIBUTION, ETC. | |
| Place of publication, distribution, etc. | LONDON |
| Name of publisher, distributor, etc. | INTERNATIONAL |
| Date of publication, distribution, etc. | 1973 |
| 300 ## - PHYSICAL DESCRIPTION | |
| Extent | 836P |
| 942 ## - ADDED ENTRY ELEMENTS (KOHA) | |
| Koha item type | Book |
| Withdrawn status | Lost status | Damaged status | Not for loan | Permanent Location | Current Location | Shelving location | Date acquired | Total Checkouts | Full call number | Barcode | Date last seen | Price effective from | Koha item type |
|---|---|---|---|---|---|---|---|---|---|---|---|---|---|
| College of Electrical & Mechanical Engineering (CEME) | College of Electrical & Mechanical Engineering (CEME) | Reference | 06/14/2017 | 030 CHA'I | CEME-8431 | 06/28/2021 | 06/28/2021 | Book |
